| 000 | 00980nam a22002417a 4500 | ||
|---|---|---|---|
| 001 | BD-DhSAU 254 | ||
| 003 | BD-DhSAU | ||
| 005 | 20140828113627.0 | ||
| 008 | 140827b -uka|||| |||| 001 0 eng d | ||
| 020 | _a0582407060 | ||
| 040 | _cBD-DhSAU | ||
| 082 |
_222 _a551.6/ JAC |
||
| 245 |
_aClimate, water and agriculture in the tropics/ _cI. J. Jackson [ed.] |
||
| 260 |
_aLondon, Great Britain : _bLongman Group Limited ; _c1982. |
||
| 300 |
_axii, 248 p. : _bill, ; _c22 cm. |
||
| 504 | _aIncludes indexes. | ||
| 650 |
_aTropics _xClimate. |
||
| 650 |
_aPlant-water relationships. _xTropics. |
||
| 650 |
_aWater in agriculture _xTropics |
||
| 700 | _aJackson, I. J. | ||
| 856 | _uhttp://books.google.com.bd/books?id=bG7LXwAACAAJ&dq=Climate,+water+and+agricultural+in+the+tropics&hl=en&sa=X&ei=QbL9U4SNJ8qfugT7noGgAw&ved=0CBwQ6AEwAA | ||
| 856 | _uhttp://catalog.loc.gov/vwebv/holdingsInfo?searchId=688&recCount=25&recPointer=0&bibId=1951401 | ||
| 942 |
_2ddc _cBOOK |
||
| 999 |
_c254 _d254 |
||